| 000 | 00882nam a2200205Ii 4500 | ||
|---|---|---|---|
| 003 | JO-AjNU | ||
| 008 | 230605s9999||||xx |||||||||||||| ||und|| | ||
| 017 | _a2009/10/4319 | ||
| 040 |
_aJO-AjNU _bara _erda _cJO-AjNU |
||
| 041 | _aara | ||
| 050 | 1 | 4 | _aCB151.S3 2009 |
| 100 | 3 |
_aتاليف سارتون، جورج ؛ ترجمة: ابراهيم مدكور، محمد كامل حسين، قسطنطين زريق، محمد مصطفى زيادة, _eauthor _957281 |
|
| 245 | 0 | 0 | _aتاريخ العلم : العلم القديم في العصر الذهبي لليونان |
| 264 | 3 | 1 | _aعمان: وزارة الثقافة، 2009 |
| 300 |
_a412ص _bقائمة بالمصطلحات الواردة بالكتاب ص 409-412 |
||
| 336 |
_atext _btxt _2rdacontent |
||
| 337 |
_aunmediated _bn _2rdamedia |
||
| 338 |
_avolume _bnc _2rdacarrier |
||
| 650 | 4 |
_aالعلوم- تاريخ _957282 |
|
| 999 |
_aA25658 _c29226 _d29226 |
||